03047cam a2200373 a 4500999001900000001000900019003000500028005001700033008004100050010001700091020001800108035002000126040002400146042000800170050002400178060002200202082001400224245009000238300004700328490004200375504005100417505088400468505095001352650001902302650002902321650002502350650004102375650002602416650004602442700002602488906004502514942001202559952010202571 c234623d23462315945575Nust20170328114010.0091013s2010 nyua b 001 0 eng  a 2009042902 a81-7754-374-1 a(DNLM)101517224 aDNLM/DLCcASABdDLC apcc00aTP248.2b.R435 201010aQU 450bR295 200900a660.622200aRecent trends in biotechnology and microbiology /ceditor : Prof. P.R. Jatkar et.al.. axiii, 366 p. :bill. (some col.) ;c27 cm.0 aMicrobiology research advances series aIncludes bibliographical references and index.0 aFunctional fermented foods and health / J. B. Prajapati -- Microbes as a tool in insect pest management of horticultural crops in India : progress and prospects / P.N. Gangavisalakshy -- Genetic engineering for viral resistance in vegetable crops / P. Sharma, T. Ogawa & M. Ikegami -- Microarrays : concepts and applications / Smita Singh ... [et al.] -- Biological characterization, genome organization and management strategies of begomoviruses causing severe economic losses to chilli cultivation in India / M.S. Khan, S.K. Snehi & S.K. Raj -- Virus (es) infecting stone fruits : detection methods and biotechnological approaches towards management strategies / Vanita Chandel ... [et al.] -- Transgenic crops- another leapfrog technology / P. Balasubramanian -- Phytoplasma diseases of weeds : detection, taxonomy & diversity / Smriti Mall, Govind P. Rao & Carmine Marcone --0 aAn overview of gene silencing and its applications / Richa Raizada ... [et al.] -- Amplified fragment length polymorphism (AFLP) as molecular marker : a PCR based technique and its applications in plant sciences / Mangal Singh, Saroj Sharma and R.K. Gaur -- Mycorrhiza and its significance in crop improvement / Harish Dhingra & Sakshi Issar -- Biotechnology of post harvest diseases of fruits and vegetables / Sudhir Chandra, Raghvendra P. Narayan and H. K. Kehri -- NeuroAIDS in Indian scenario / A.S. Verma, A. Singh & P.D. Dwivedi -- In vitro morphogenesis (rhizogenesis) in Kalihari (Gloriosa superba L.) : an alternative source of colchicine production / M.S. Rathore ... [et al.] -- Genetically modified organisms & their applications in modern era / Sakshi Issar & Harish Dhingra -- Patenting of life forms : Indian scenario / Anvita Parashar -- IPR and agri-biotech management : the big picture / A.K.Sharma, Sushil Rai & Anjali Sharma. 0aBiotechnology. 0aMicrobial biotechnology. 0aGenetic engineering.12aGenetic EngineeringxmethodszIndia.22aBiotechnologyzIndia.22aCrops, AgriculturalxmicrobiologyzIndia.1 aGaur, Rajarshi Kumar. a7bcbccorignewd1eecipf20gy-gencatlg 2ddccBK 00102ddc40708NFICaASABbASABd2017-03-28l0o660.6 JATpASAB1636r2017-03-28w2017-03-28yBK